=LDR 00000nam 2200000 4500 =001 INLIS000000000048395 =005 20161027143355.0 =006 =007 =008 =020 ##$$a 979-518-890-9 =035 ##$$0010-101600000000153 =040 ##$$a NBPDMAT =082 ##$$a 378.06 =090 ##$$a 378.06$bSud m =100 ##$$a Sudiyono =245 ##$$a Manajemen pendidikan tinggi $b buku pegangan kuliah $c Drs. Sudiyono, M.Si. =260 ##$$a Jakarta $b Rineka Cipta $c 2004 =300 ##$$a viii, 114 hlm. ; $c 20 cm =500 ##$$a Bibliografi hlm. : 112 - 114 =650 ##$$a Manajemen Pendidikan =850 ##$$a NBPDMAT =990 ##$$a 51600144 =990 ##$$a 51600144 =990 ##$$a 51600144